000 00822nam a22002537a 4500
001 5817
003 FISKH
005 20250123104623.0
008 250123b cb ||||| |||| 00| 0 eng d
020 _a9780028600406
040 _aFISKH
_beng
_cFISKH
_dFISKH
050 _aTL795.N43
082 _a629.4
100 _aNeal, Valerie
245 _aSpaceflight /
_cBy Valerie Neal , Cathleen S. Lewis and Frank H. Winter
260 _aHoboken, New Jersey :
_bWiley ,
_c1995.
300 _a256 pages :
_bcolor illustrations ;
_c23 cm .
490 _aSmithsonian Guides
520 _aDetails the events, technological advances, people, and machines involved in the history of spaceflight.
650 _aSpace vehicle-history
_vnon-fiction
700 _aSedykh, Julia
_edesigner
942 _2ddc
_cBK
_n0
999 _c5817
_d5817